| 000 | 01077cam a2200313 i 4500 | ||
|---|---|---|---|
| 001 | vtls003257274 | ||
| 003 | MY-SjTCS | ||
| 005 | 20200226121111.0 | ||
| 008 | 140818s2013 maua 001 0 eng d | ||
| 020 | _a9781624140006 (paperback) | ||
| 020 | _a1624140009 (paperback) | ||
| 039 | 9 |
_a201809071354 _bVLOAD _c201409151220 _dshuhada _c201409151219 _dshuhada _y201408181526 _zmalathy |
|
| 040 | _erda | ||
| 082 | 0 | 4 |
_a641.815 _bKIN 2013 |
| 100 | 1 |
_aKing, Andy, _d1961- _971204 |
|
| 245 | 1 | 0 |
_aBaking by hand : _bmake the best artisanal breads and pastries better without a mixer / _cAndy & Jackie King, founders of A&J King Artisan Bakers. |
| 264 | 1 |
_aSalem, MA : _bPage Street Publishing Co., _c[2013] |
|
| 264 | 4 | _c©2013 | |
| 300 |
_a240 pages : _billustrations (some color) ; _c23 cm |
||
| 336 |
_atext _2rdacontent |
||
| 337 |
_aunmediated _2rdamedia |
||
| 338 |
_avolume _2rdacarrier |
||
| 500 | _aIncludes index. | ||
| 650 | 0 |
_aBread. _915333 |
|
| 650 | 0 |
_aPastry. _914124 |
|
| 650 | 0 |
_aBaking. _914134 |
|
| 700 | 1 |
_aKing, Jackie. _971377 |
|
| 920 | _aSHT : 213097 | ||
| 999 | _c176531 | ||